| 000 | 00723nam a2200265Ia 4500 | ||
|---|---|---|---|
| 003 | OSt | ||
| 005 | 20221006142556.0 | ||
| 006 | a|||||r|||| 00| 0 | ||
| 007 | ta | ||
| 008 | 221006b |||||||| |||| 00| 0 eng d | ||
| 020 | _c2129.90 | ||
| 024 | _a6,636 | ||
| 037 | _cTextual | ||
| 040 |
_aEASL _cEASL _beng |
||
| 041 |
_2eng _aeng |
||
| 082 | _aY:5.41.N9, N6 | ||
| 100 |
_aGoldstein Alice Ed. _9647952 |
||
| 245 | 0 |
_aChina _b The many facets of demographic change |
|
| 260 |
_aUSA _bWestview Press _c1996 |
||
| 300 |
_a214p. _ccm. |
||
| 490 | _v CEL | ||
| 700 |
_a Wang Feng Ed. _9647953 |
||
| 942 |
_hY:5.41.N9, N6 _cTEXL _2CC |
||
| 999 |
_c1074722 _d1074722 |
||